[Event "FRA-ch Blitz Online Qual"]
[Site "Europe Echecs INT"]
[Date "2020.05.16"]
[Round "1"]
[White "Milliet, Sophie"]
[Black "Duprey, Francois Xavier"]
[Result "1-0"]
[WhiteElo "2401"]
[BlackElo "1613"]
[PlyCount "27"]
[EventDate "2020.05.16"]
[EventType "swiss (blitz)"]
[EventRounds "15"]
[EventCountry "FRA"]
[SourceTitle "CBM 196 Extra"]
[Source "ChessBase"]
[SourceDate "2020.07.31"]
[SourceVersion "1"]
[SourceVersionDate "2020.07.31"]
[SourceQuality "1"]

1. e4 c5 2. Nf3 d6 3. d4 cxd4 4. Qxd4 a6 5. Be2 Nc6 6. Qe3 g6 7. 0-0 Bg7 8. h3 Nf6 9. c4 0-0 10. Nc3 Bd7 11. Rd1 Rb8 12. Bd2 Qc7 13. Rac1 Rfd8 14. Nd5 1-0